Diálogo sobre la historia
Guardat en:
| Autors principals: | , |
|---|---|
| Format: | Llibre |
| Idioma: | espanyol |
| Publicat: |
Madrid
Alianza
1988
|
| Col·lecció: | Alianza Universidad. Historia, 573
|
| Matèries: | |
| Etiquetes: |
Afegir etiqueta
Sense etiquetes, Sigues el primer a etiquetar aquest registre!
|
MARC
| LEADER | 00000nam a2200000 a 4500 | ||
|---|---|---|---|
| 001 | UCX2133 | ||
| 003 | CL-VaPUC | ||
| 008 | 910322e19880000SP |||||||||||||||||spa|d | ||
| 082 | 0 | 4 | |a 907.202 |b DUB |2 21 |
| 100 | 0 | |a Duby, Georges |e author |9 317949 | |
| 700 | 0 | |a Lardreau, Guy |e author |9 317950 | |
| 245 | 1 | 0 | |a Diálogo sobre la historia |
| 300 | |a 169 p | ||
| 942 | |c BK | ||
| 945 | |d 19910322 00:00:00 | ||
| 260 | |a Madrid |b Alianza |c 1988 | ||
| 650 | 0 | |a Investigación |9 257811 | |
| 650 | 0 | |a Teoría de la historia |9 317951 | |
| 650 | 7 | |a METODOS CIENTIFICOS |2 CL-VaPUC |9 317952 | |
| 583 | |a last modification |c 19910322 00:00:00 |k Rodrigo Vera | ||
| 490 | 0 | |a Alianza Universidad. Historia, 573 | |
| 999 | |c 223217 |d 223215 | ||
| 952 | |0 0 |1 0 |4 0 |6 907_202000000000000_DUB_1988 |7 0 |8 A |9 218794 |a BIBHIS |b BIBHIS |d 2019-11-15 |i 2876086 |o 907.202 DUB 1988 |p 2876086 |r 2025-01-20 |w 2019-11-15 |y BK |k HIS | ||